<?xml version="1.0" encoding="UTF-8"?>
<record
    xmlns:xsi="http://www.w3.org/2001/XMLSchema-instance"
    xsi:schemaLocation="http://www.loc.gov/MARC21/slim http://www.loc.gov/standards/marcxml/schema/MARC21slim.xsd"
    xmlns="http://www.loc.gov/MARC21/slim">

  <leader>00653nam a22002177a 4500</leader>
  <controlfield tag="003">KOHA_M&#x130;RAKIL</controlfield>
  <controlfield tag="005">20241016084243.0</controlfield>
  <controlfield tag="008">241016b        tu ||||| |||| 00| 0 tur d</controlfield>
  <datafield tag="020" ind1=" " ind2=" ">
    <subfield code="a">9789759245115</subfield>
  </datafield>
  <datafield tag="040" ind1=" " ind2=" ">
    <subfield code="a">TR-AnABB</subfield>
    <subfield code="b">tur</subfield>
    <subfield code="c">TR-AnABB</subfield>
  </datafield>
  <datafield tag="041" ind1=" " ind2=" ">
    <subfield code="a">tur</subfield>
  </datafield>
  <datafield tag="082" ind1=" " ind2=" ">
    <subfield code="a">711.42</subfield>
    <subfield code="b">YET 2008</subfield>
  </datafield>
  <datafield tag="100" ind1="1" ind2=" ">
    <subfield code="a">Yeter, Enis</subfield>
  </datafield>
  <datafield tag="245" ind1="1" ind2="0">
    <subfield code="a">Kentsel geli&#x15F;me ve k&#xFC;lt&#xFC;r de&#x11F;erleri /</subfield>
    <subfield code="c">Enis Yeter</subfield>
  </datafield>
  <datafield tag="260" ind1=" " ind2=" ">
    <subfield code="a">Ankara : </subfield>
    <subfield code="b">Tarihi Kentler Birli&#x11F;i Yay&#x131;n&#x131;, </subfield>
    <subfield code="c">2008</subfield>
  </datafield>
  <datafield tag="300" ind1=" " ind2=" ">
    <subfield code="a">432 sayfa ; </subfield>
    <subfield code="c">24 cm </subfield>
  </datafield>
  <datafield tag="650" ind1="0" ind2="4">
    <subfield code="a">Kentsel d&#xF6;n&#xFC;&#x15F;&#xFC;m, T&#xFC;rkiye</subfield>
  </datafield>
  <datafield tag="650" ind1="0" ind2="4">
    <subfield code="a">Kentsel d&#xF6;n&#xFC;&#x15F;&#xFC;m</subfield>
  </datafield>
  <datafield tag="650" ind1="0" ind2="4">
    <subfield code="a">K&#xFC;lt&#xFC;r de&#x11F;erleri</subfield>
  </datafield>
  <datafield tag="942" ind1=" " ind2=" ">
    <subfield code="2">ddc</subfield>
    <subfield code="c">BK</subfield>
  </datafield>
  <datafield tag="952" ind1=" " ind2=" ">
    <subfield code="0">0</subfield>
    <subfield code="1">0</subfield>
    <subfield code="2">ddc</subfield>
    <subfield code="7">0</subfield>
    <subfield code="a">SIH</subfield>
    <subfield code="b">SIH</subfield>
    <subfield code="d">2024-10-16</subfield>
    <subfield code="l">0</subfield>
    <subfield code="o">711.42 YET 2008</subfield>
    <subfield code="p">ABB110311</subfield>
    <subfield code="r">2024-10-16 08:42:51</subfield>
    <subfield code="w">2024-10-16</subfield>
    <subfield code="y">BK</subfield>
  </datafield>
  <datafield tag="999" ind1=" " ind2=" ">
    <subfield code="c">7895</subfield>
    <subfield code="d">7895</subfield>
  </datafield>
  <datafield tag="900" ind1=" " ind2=" ">
    <subfield code="b">Can &#xC7;ELIK</subfield>
  </datafield>
</record>
